Регионална библиотека "Любен Каравелов" - Русе

Вечната и святата (Запис номер 202292)

MARC детайли
000 -Лидер
Контролно поле с фиксирана дължина 01607nam a2200385 c 4500
003 - Код на организацията, давaща контролен номер
Контролно поле BLK
005 - Дата и час на последна редакция
Контролно поле 20250115151913.0
008 - Елементи от данни с фиксирана дължина
fixed length control field 180411b bul|||||r ||||||| ||bul||
010 ## - Наследен системен номер
LC control number KNG00211755000
020 ## - Международен стандартен номер на книга ISBN
Международен стандартен номер на книга ISBN 978-954-09-0783-3
040 ## - Източник на каталожния запис
Идентификатор на билиотеката - собственик на записа BLK
041 ## - Код за език
Код за езика на текст/звукозапис или на отделно заглавие Български
Код за езика КДБФ Български
072 #7 - Код за тематичната категория
Код организация bullib
Код за тематична категория Н8400
Текст Българска поезия Н
080 ## - УДК
Текстов определител УДК Българска литература
УДК код - определител по УДК 821.163.2
УДК определител -1(082.2)
УДК - код + определител 821.163.2-1(082.2)
100 ## - Редна дума - Автор
Автор Багряна, Елисавета
Дати, свързани с автора 1893-1991
Пълна форма на името Белчева, Елисавета Любомирова
R(LIN) 364149
139 ## - Редно поле
Редна дума Багряна, Елисавета
Авторски знак Баг - Б 13
245 10 - Сведения за заглавието
Заглавие Вечната и святата
Подзаглавни данни Антология
Редно поле (дума) Елисавета Багряна; подб., ред. и послесл. Иван Сарандев
257 ## - Страна на издаване
Страна на създаване/издаване България
260 ## - Област на издателските данни
Име на издателя, разпространителя и проч. Захарий Стоянов
Година на издаване 2013
Печатница София : Миг принт
Място на издаване, разпространение и проч. София
300 ## - Физическа характеристика
Страници 247 с.
Размери/Мащаб 20 см
380 ## - Жанр
Жанр Худож. лит.
500 ## - Общи забележки
Забележка Елисавета Багряна - псевд. на Елисавета Любомирова Белчева. - Офс. изд.
653 ## - Ключова дума – ненормативна
Ключова дума стихотворения
653 ## - Ключова дума – ненормативна
Ключова дума антологии
659 ## - Тематичен бюлетин
Тематичен бюлетин Н
700 1# - Други автори (авторска отговорност)
Лично име Сарандев, Иван Атанасов
9 (RLIN) 118951
700 ## - Други автори (авторска отговорност)
Лично име Белчева, Елисавета Любомирова
9 (RLIN) 269418
852 ## - Местоположение
Форматна сигнатура Цб 286894
856 4# - Електронен адрес и достъп
Електронен формат pdf - файл
856 4# - Електронен адрес и достъп
Електронен формат pdf - файл
942 ## - АРТИКУЛИ
Вид на библиотечния материал Книги
Скрит в OPAC Не
Koha issues (borrowed), all copies 19
944 ## - СЪЗДАВАНЕ И РЕДАКЦИЯ на ЗАПИСА
Създаване/Редакция Създаване
Дата на регистрацията/редакция 29.08.2017
Статус, дата на статуса Цветомила Тодорова
Служител, извършил регистрацията/редакцията 30576
944 ## - СЪЗДАВАНЕ И РЕДАКЦИЯ на ЗАПИСА
Създаване/Редакция Редакция
Дата на регистрацията/редакция 30.08.2017
Статус, дата на статуса ф /
Служител, извършил регистрацията/редакцията Людмила_Стоянова
999 ## - СИСТЕМНИ КОНТРОЛНИ НОМЕРА
Koha biblionumber 202292
Koha biblioitemnumber 202292
999 ## - СИСТЕМНИ КОНТРОЛНИ НОМЕРА
Koha biblioitemnumber 202292
Наличности
Код за отписване Код за изгубен артикул Източник на класификационната схема Код за повреда Коз за рестрикции Код за отдаване Артикулен № Име на библиотеката - собственик Име на библиотеката, в която се намира в момента Статус (Текущо местоположение) Дата на вписване в системата Местоположение - отдел Цена в лева Инвентарен номер Систематично азбучна сигнатура Баркод Номер на екземпляра Цена в евро Служебна бележка Служебен тип на артикула
  Не е изгубен Universal Decimal Classification Не е повреден без рестрикции заемане за дома 349898 Регионална библиотека "Любен Каравелов" Русе Регионална библиотека "Любен Каравелов" Русе Заемна - подръчен фонд 2017-08-29 Заемна - подръчен фонд 4.90 120000814479 П 886.7-1/Б 13 120000814479 1 2.51 Дост: Pk Вид: Ф N: 17843 Дата: 16.08.2017 Книги
  Не е изгубен   Не е повреден без рестрикции заемане за дома 349899 Регионална библиотека "Любен Каравелов" Русе Регионална библиотека "Любен Каравелов" Русе Заемна - подръчен фонд 2017-08-29 Заемна - подръчен фонд 4.90 120000814480 П 886.7-1/Б 13 120000814480 2 2.51 Дост: Pk Вид: Ф N: 17843 Дата: 16.08.2017 Дата инв: 26.02.2018 Бележки инв: П2018 Книги
  Не е изгубен   Не е повреден без рестрикции заемане за дома 349900 Регионална библиотека "Любен Каравелов" Русе Регионална библиотека "Любен Каравелов" Русе Заемна - подръчен фонд 2017-08-29 Заемна - подръчен фонд 4.90 120000814481 П 886.7-1/Б 13 120000814481 3 2.51 Дост: Pk Вид: Ф N: 17843 Дата: 16.08.2017 Дата инв: 15.02.2018 Бележки инв: П2018 Книги
  Не е изгубен Universal Decimal Classification Не е повреден   заемане за дома 749785 Регионална библиотека "Любен Каравелов" Русе Регионална библиотека "Любен Каравелов" Русе Заемна - подръчен фонд 2019-11-22 Заемна - подръчен фонд 4.90   П 886.7-1/Б 13 120000837950   2.51   Книги
  Не е изгубен Universal Decimal Classification Не е повреден   заемане за дома 749786 Регионална библиотека "Любен Каравелов" Русе Регионална библиотека "Любен Каравелов" Русе Заемна - подръчен фонд 2019-11-22 Заемна - подръчен фонд 4.90   П 886.7-1/Б 13 120000837951   2.51   Книги
  Не е изгубен Universal Decimal Classification Не е повреден само за читалня ползва се в читалня 859042 Регионална библиотека "Любен Каравелов" Русе Регионална библиотека "Любен Каравелов" Русе Хранилище 2021-10-28 Основен фонд - ползва се само за читалня 7.00   Цб 309745 120000861427   3.58   Книги
Vip Innovations Ltd, Rousse, Bulgaria 2025